000 00537nam a2200181 i 4500
001 33835
003 ES-MaACL
005 20250920063036.0
007 t|
008 030203s1976 sp ||||1| spa d
100 0 _aBlanchot, Maurice,
_d1907-2003
_929163
245 1 3 _aLa risa de los dioses /
_cMaurice Blanchot ; [versión, J. A. Doval Liz].
260 _a[Madrid] :
_bTaurus,
_c[1976]
300 _a262 p. ;
_c22 cm.
700 1 _aDoval Liz, J. A.
_945523
852 _aES-MaACL
_jA-5663
_bR.94575
999 _c33835
_d33835